Rent reviews (Record no. 85208)

MARC details
000 -LEADER
fixed length control field 00801ci a2200241 4500
001 - CONTROL NUMBER
control field E88
008 - FIXED-LENGTH DATA ELEMENTS--GENERAL INFORMATION
fixed length control field 970304 1982
035 ## - SYSTEM CONTROL NUMBER
System control number (Sirsi) u34984
041 0# - LANGUAGE CODE
Language code of text/sound track or separate title eng
050 04 - LIBRARY OF CONGRESS CALL NUMBER
Classification number 346.4104344 $2 18
110 2# - MAIN ENTRY--CORPORATE NAME
Corporate name or jurisdiction name as entry element Royal Institution of Chartered Surveyors
9 (RLIN) 4900
245 00 - TITLE STATEMENT
Title Rent reviews
Medium [sound recording]
260 ## - PUBLICATION, DISTRIBUTION, ETC.
Place of publication, distribution, etc. London
Name of publisher, distributor, etc. RICS
Date of publication, distribution, etc. 1982
300 ## - PHYSICAL DESCRIPTION
Extent 1
Type of unit sound cassette (ca. 60 min.)
350 ## - PRICE (NR) (BK AM CF MU VM SE) [OBSOLETE]
Price 0
490 #0 - SERIES STATEMENT
Series statement Owlion Audio Programme
651 #4 - SUBJECT ADDED ENTRY--GEOGRAPHIC NAME
Geographic name England and Wales
Chronological subdivision 1543-
690 ## - LOCAL SUBJECT ADDED ENTRY--TOPICAL TERM (OCLC, RLIN)
Topical term or geographic name as entry element PROPERTY-LANDLORD AND TENANT-TENANCIES-TENANCY RENT REVIEW
710 2# - ADDED ENTRY--CORPORATE NAME
Corporate name or jurisdiction name as entry element College of Estate Management
9 (RLIN) 400
856 4# - ELECTRONIC LOCATION AND ACCESS
Uniform Resource Identifier <a href="https://194.154.180.3/uhtbin/cgisirsi.exe/0/0/0/1/117/X/">https://194.154.180.3/uhtbin/cgisirsi.exe/0/0/0/1/117/X/</a>
Public note Audio Visual materials can only be used in the library.
942 ## - ADDED ENTRY ELEMENTS (KOHA)
Suppress in OPAC 0
948 ## - LOCAL PROCESSING INFORMATION (OCLC); SERIES PART DESIGNATOR (RLIN)
c (OCLC) 04/03/1997
Holdings
Withdrawn status Lost status Source of classification or shelving scheme Damaged status Not for loan Home library Current library Shelving location Date acquired Total Checkouts Full call number Barcode Date last seen Date last checked out Copy number Price effective from Koha item type
    Dewey Decimal Classification     London London Basement 16/08/1993 1 SHELF 330 30049251 06/08/2019 15/09/1999 1 06/08/2019 Audio